003020000a22001210004500020001800000041000800018082001700026100003200043245005400075260003300129300001200162001000600174 a84-279-0824-50 aSPA04aG 864 C3921v1 aCela, Camilo José (1916-)10aViaje al pirineo de Lérida / Camilo José Cela aBarcelona, España : Noguer a244 Pag11129